000 00447nam a22001337a 4500
008 230516b |||||||| |||| 00| 0 eng d
040 _aNational Science Library
_cNational Science Library
080 _a551.46:639.2(73)(047)
_bN2
245 _aOur living oceans:
_bReport on the status of U.S. living marine resources, 1992
260 _aWashington:
_bUS Department of Commerce,
_c1992
300 _a148p.
650 _aReport
942 _2udc
_cREP
999 _c30389
_d30389